[Event "NSV Open-ch Rapid 2019"]
[Site "Lueneburg"]
[Date "2019.08.03"]
[Round "4.25"]
[White "Kueck, Alexander"]
[Black "Schubert, Karl Heinz"]
[Result "1-0"]
[WhiteElo "1374"]
[BlackElo "1335"]
[Annotator "NA RC"]
[PlyCount "49"]
[EventDate "2019.08.03"]
[EventType "swiss"]
[EventCountry "GER"]
[SourceTitle "playchess.com"]
[Source "ChessBase"]
[SourceQuality "1"]
[TimeControl "600+5"]

1. c4 {[%emt 0:00:00]} e5 {[%emt 0:00:00]} 2. Nc3 {[%emt 0:00:00]} Nf6 {[%emt 0:00:00]} 3. e3 {[%emt 0:00:16]} Bb4 {[%emt 0:00:07]} 4. Qc2 {[%emt 0:00:04]} Nc6 {[%emt 0:00:07]} 5. Nge2 {[%emt 0:00:31]} d5 {[%emt 0:00:21]} 6. cxd5 {[%emt 0:00:21]} Nxd5 {[%emt 0:00:03]} 7. Nxd5 {[%emt 0:00:23]} Qxd5 {[%emt 0:00:05]} 8. Nc3 {[%emt 0:00:17]} Qe6 {[%emt 0:00:09]} 9. b3 {[%emt 0:00:14]} Qf6 {[%emt 0:00:19]} 10. Nd5 {[%emt 0:00:36]} Qd6 {[%emt 0:00:08]} 11. Bc4 {[%emt 0:00:32]} Be6 {[%emt 0:00:09]} 12. Nxb4 {[%emt 0:00:43]} Nxb4 {[%emt 0:00:03]} 13. Qc3 {[%emt 0:00:12]} Nc6 {[%emt 0:00:27]} 14. Bb2 {[%emt 0:00:25]} O-O-O {[%emt 0:00:08]} 15. O-O-O {[%emt 0:00:09]} Nb4 {[%emt 0:00:24]} 16. Qxe5 {[%emt 0:00:46]} Qa6 {[%emt 0:00:23]} 17. Bxa6 {[%emt 0:00:10]} Nxa6 {[%emt 0:00:10]} 18. Qxg7 {[%emt 0:00:12]} Rhg8 {[%emt 0:00:07]} 19. Qxh7 {[%emt 0:00:13]} Nb4 {[%emt 0:00:09]} 20. Kb1 {[%emt 0:00:21]} Nd3 {[%emt 0:00:14]} 21. f4 {[%emt 0:00:36]} Nf2 {[%emt 0:00:06]} 22. Qc2 {[%emt 0:00:20]} Nxh1 {[%emt 0:00:11]} 23. Rxh1 {[%emt 0:00:01]} Rd6 {[%emt 0:00:14]} 24. Be5 {[%emt 0:00:04]} Rd5 {[%emt 0:00:10]} 25. Qxc7# {[%emt 0:04:39]} 1-0

[Event "NSV Open-ch Rapid 2019"]
[Site "Lueneburg"]
[Date "2019.08.03"]
[Round "5.1"]
[White "Lubbe, Nikolas"]
[Black "Schneider, Ilja"]
[Result "1-0"]
[WhiteElo "2431"]
[BlackElo "2494"]
[Annotator "TA"]
[PlyCount "125"]
[EventDate "2019.08.03"]
[EventType "swiss"]
[EventCountry "GER"]
[SourceTitle "playchess.com"]
[Source "ChessBase"]
[SourceQuality "1"]

{[%evp 13,139,16,31,31,33,31,29,22,36,19,42,38,38,35,44,39,40,0,0,-21,0,9,22,0,54,47,246,237,231,234,253,233,241,233,243,244,256,250,248,250,253,234,244,214,210,208,221,210,193,194,206,203,225,218,226,228,228,232,226,219,207,175,183,176,170,164,183,127,177,177,187,184,184,177,177,177,177,135,187,184,205,206,222,216,233,233,233,233,422,371,499,495,455,443,470,467,425,420,404,308,301,291,457,364,352,-687,575,561,1070,1054,29977,29978,29978,29979,29979,29980,29982,29980,29981,29982,29982,29983,29983,29984,29984,29985,29985,29985]} 1. c4 c6 2. Nf3 d5 3. g3 Bg4 4. Bg2 Nf6 5. Ne5 Be6 6. cxd5 Bxd5 7. Nf3 c5 8. Nc3 {A11: English Opening: 1...c6} Bc6 9. O-O e6 10. d3 {White has an edge.} (10. Qc2 Be7 11. Rd1 O-O 12. d4 cxd4 13. Nxd4 Bxg2 14. Kxg2 Nbd7 15. Bg5 {½-½ (15) Svidler,P (2765)-Karjakin,S (2760) Riadh 2017}) 10... Nbd7 11. Re1 Be7 12. e4 e5 13. Nh4 O-O 14. Nf5 $36 {[%mdl 2048] Black is under pressure.} Re8 {[#]} 15. Nxe7+ $146 (15. Qf3 {looks sharper.} Bf8 16. a4 h6 17. Bd2 Nb6 18. b3) ({Predecessor:} 15. f4 Bf8 {1-0 (57) Shimanov,A (2620)-Motylev,A (2661) Saint Louis 2018}) 15... Qxe7 16. a4 Rad8 17. Nb5 Nb6 18. Qb3 Qe6 ({Black should try} 18... Nc8 $11) 19. Qc2 {Hoping for Nc7.} Nxa4 $2 (19... Rd7 $14) 20. Nc7 $1 $18 {[%cal Rc7e6][%mdl 64] Double Attack} ({Weaker is} 20. Qxa4 Qd7 $14) ({Inferior is} 20. Nxa7 Bd7 $14) 20... Qd7 21. Nxe8 Nxe8 22. b3 Nb6 23. Qxc5 Qxd3 24. Rxa7 Nd7 25. Qc4 Qxc4 26. bxc4 Nd6 27. f3 Nxc4 28. Bf1 Ndb6 29. Ra2 Kf8 30. Rc2 Rd4 31. Be2 Ba4 32. Rc3 Ke8 33. Kf2 Bc6 34. h4 h5 35. Rd1 Rxd1 36. Bxd1 Nd6 37. Ba3 Nb5 38. Rd3 Nc4 39. Bc1 Nd4 {[#]} 40. Be3 ({White should play} 40. Rc3 $1 $18 {[%cal Rc3c4]} Bb5 41. Ba4) 40... Nxe3 41. Kxe3 $16 {[%mdl 4096] Endgame KRB-KBN} ({Don't play} 41. Rxe3 Ke7 $16) 41... f6 42. f4 g6 43. Rc3 {Strongly threatening fxe5.} Ke7 44. fxe5 fxe5 45. Rc1 b5 (45... Kf6 $16 46. Bc2 Nxc2+ 47. Rxc2 Ke7) 46. Ra1 $18 Bd7 {[#]} 47. Ra6 $1 {[%cal Ra6g6]} Be6 48. Rb6 Kf7 49. Be2 Bd7 50. Bd3 Be8 $2 (50... Bc6 51. Kd2 Ke7) 51. Kd2 Ke7 52. Kc3 Bc6 53. Kb4 Kd6 54. Ra6 Kc7 55. Ra7+ Kd6 56. Rg7 Be8 57. Rg8 Bf7 (57... Ke7 $142 58. Rh8 Bd7) 58. Rf8 Ke7 59. Rb8 $4 {[%mdl 8192]} (59. Rc8 $18) 59... Kd6 $4 {[%mdl 8192]} (59... Nc6+ $19 {avoids the disaster.} 60. Kc3 Nxb8 61. Bxb5 Nd7) 60. Bxb5 g5 61. hxg5 Ne6 62. Rb6+ {White mates.} Kc7 {[#]} 63. Rc6+ {Played: Rb6xe6} 1-0

[Event "NSV Open-ch Rapid 2019"]
[Site "Lueneburg"]
[Date "2019.08.03"]
[Round "5.2"]
[White "Priebe, Jan"]
[Black "Ertan, Can"]
[Result "1-0"]
[WhiteElo "2204"]
[BlackElo "2396"]
[Annotator "TA"]
[PlyCount "89"]
[EventDate "2019.08.03"]
[EventType "swiss"]
[EventCountry "GER"]
[SourceTitle "playchess.com"]
[Source "ChessBase"]
[SourceQuality "1"]

{[%evp 16,88,22,8,29,33,23,4,39,29,49,42,57,63,78,42,63,39,44,33,47,23,22,16,30,21,56,-2,-17,-17,0,0,160,64,59,31,24,-20,78,62,91,98,96,-31,-35,-37,-39,-41,-41,-27,-25,-28,0,-7,0,-61,0,0,0,0,0,0,0,-1,272,0,0,0,9,9,9,-125,29997,29998,29999]} 1. e4 e5 2. Nf3 Nc6 3. Bb5 a6 4. Ba4 Nf6 5. O-O Be7 6. Re1 b5 7. Bb3 O-O 8. a4 b4 9. c3 Rb8 {C88: Closed Ruy Lopez: Anti-Marshall Systems} (9... bxc3 10. dxc3 d6 11. a5 Be6 12. Nbd2 h6 13. Nf1 Qc8 14. Ng3 Rd8 15. Bd5 Bxd5 16. exd5 Nb8 17. Nh4 {1-0 (44) Yu,Y (2744)-Tan,Z (2506) Huocheng County 2017}) 10. d4 d6 11. h3 Na5 {The position is equal.} 12. Bc2 (12. dxe5 dxe5 13. Bc2 Qxd1 $15) 12... b3 13. Bd3 Bb7 $146 ({Predecessor:} 13... Nd7 14. Qe2 c5 15. d5 c4 16. Bxc4 Nc5 17. Nbd2 f5 18. Bd3 f4 {0-1 (26) Pribanovic,M (1872)-Adzic,M (1970) Paracin 2018}) 14. Bg5 h6 15. Bh4 Re8 16. Nbd2 Nh5 17. Bxe7 (17. Nxb3 Nxb3 18. Bxe7 Qxe7 $17) 17... Qxe7 18. Nc4 (18. Nxb3 Nxb3 19. Qxb3 Bxe4 $17) 18... Nxc4 19. Bxc4 {Hoping for Nxe5.} exd4 20. Nxd4 Qg5 21. Qf3 ({But not} 21. Nxb3 Rxe4 22. Rxe4 Bxe4 $15) ({And not} 21. Qxb3 Bd5 $17) (21. Qg4 $1 $14) 21... Nf6 $11 {White should prevent ...c5.} 22. Bd3 c5 23. Nf5 d5 $2 (23... c4 $11 24. h4 (24. Bxc4 Rxe4 25. h4 Rxh4 $15) 24... Qg6 25. Bxc4 (25. h5 Qg5 $17) 25... Bxe4 26. Rxe4 Nxe4 27. Bxa6 Qf6) 24. exd5 (24. h4 $16 Qg4 25. Qxg4 Nxg4 26. exd5) 24... Bxd5 $14 25. Qg3 Qxg3 26. fxg3 {Strongly threatening Ne7+.} c4 (26... Be4 $1 $11 {remains equal.} 27. Bxe4 Nxe4) 27. Bf1 $16 Ne4 28. Rad1 Rbd8 29. Rd4 {[#]} (29. g4 $16) 29... Nxc3 $1 $15 {[%mdl 512]} 30. Rxe8+ $1 (30. bxc3 Rxe1) 30... Rxe8 31. Bxc4 Bxc4 32. Rxc4 {[%mdl 4096] Endgame KRN-KRN} Nd1 33. Rb4 Re1+ 34. Kh2 Nxb2 35. Nd6 {[#]} (35. Rxb3 $11 Nxa4 36. Rb8+ Kh7 37. Rb7) 35... Ra1 (35... Nxa4 $1 $15 {[%mdl 512]} 36. Rxb3 (36. Rxa4 b2) 36... Re7) 36. Rxb3 $11 Nxa4 37. Rb8+ Kh7 38. Nxf7 Nc3 39. h4 Rf1 $2 {[%mdl 8192]} (39... a5 $11) 40. Ne5 $2 (40. Rh8+ $18 Kg6 41. Ne5+ Kf5 42. Rf8+ Kxe5 43. Rxf1) 40... Rf5 41. Re8 a5 42. g4 Rf4 43. h5 (43. Ra8 $11) 43... a4 $2 {[%mdl 8192]} (43... Re4 $17 44. Rc8 Rxe5 45. Rxc3 a4) 44. Ng6 {[%csl Gg6][%cal Re8h8]} Re4 {Accuracy: White = 30%, Black = 26%.} 45. Rh8# 1-0

[Event "NSV Open-ch Rapid 2019"]
[Site "Lueneburg"]
[Date "2019.08.03"]
[Round "5.3"]
[White "Vorobiov, Evgeny E."]
[Black "Bargsten, Justus"]
[Result "1-0"]
[WhiteElo "2578"]
[BlackElo "1946"]
[Annotator "TA"]
[PlyCount "47"]
[EventDate "2019.08.03"]
[EventType "swiss"]
[EventCountry "GER"]
[SourceTitle "playchess.com"]
[Source "ChessBase"]
[SourceQuality "1"]

{[%evp 18,47,35,20,91,85,63,74,60,65,968,960,933,303,320,190,481,477,467,466,474,469,593,341,584,602,584,462,887,895,1090,1068]} 1. d4 Nf6 2. c4 e6 3. Nf3 d5 4. g3 Be7 5. Bg2 dxc4 6. Nc3 O-O 7. Ne5 c5 8. dxc5 Bxc5 9. O-O Qc7 10. Nxc4 Bxf2+ {E05: Open Catalan: 5 Nf3 Be7} (10... Rd8 $11 {keeps the balance.} 11. Bf4 Qe7) 11. Rxf2 $16 {[#] Threatens to win with Qd4.} Qxc4 12. Rxf6 $1 gxf6 {White is better.} 13. Bh6 {aiming for Ne4.} Re8 $2 {[%mdl 8192]} (13... Nd7 $14) (13... Qc5+ 14. e3 f5 15. Rc1 Qe7 16. Qd4 f6 17. Bxf8 Qxf8 18. Nb5 Nc6 19. Bxc6 bxc6 20. Rxc6 Bb7 21. Rc7 Rd8 22. Qh4 Rd1+ 23. Kf2 Rd2+ 24. Ke1 Rd1+ 25. Kxd1 {1-0 (25) Zvjaginsev,V (2648)-Solozhenkin,E (2464) Kaliningrad 2015}) 14. Ne4 $18 Nd7 15. Rc1 $146 (15. e3 {Intending Qg4+ and mate.} Qxe4 16. Bxe4) ({Predecessor:} 15. e3 Ne5 16. Nxf6+ Kh8 17. Nxe8 Ng4 18. Qd8 {1-0 (18) Rapatinski,K (2186)-Sterthaus,D (1913) Muensterland 2005}) 15... Qb5 16. Qd2 $40 {[%mdl 128] White attacks with force.} (16. Nd6 $142 Qh5 17. Qd2 (17. Nxe8 Qxh6 18. Rc7 Nb6 $16)) 16... Qh5 $2 {[#]} (16... Qb6+ 17. Kh1 Qd8) 17. Qxd7 $1 {[%mdl 576] Remove Defender, Decoy} Bxd7 18. Nxf6+ {[%mdl 64] Double Attack, Discovered Attack} Kh8 19. Nxh5 Rac8 20. Bg7+ Kg8 21. Bc3 {White is clearly winning.} Red8 22. Nf6+ Kf8 (22... Kg7 $142 23. Nxd7+ Rxc3 24. Rxc3 Rxd7) 23. Nxd7+ Rxd7 24. Bb4+ {[%mdl 64] Discovered Attack} 1-0

[Event "NSV Open-ch Rapid 2019"]
[Site "Lueneburg"]
[Date "2019.08.03"]
[Round "5.4"]
[White "Buchenau, Frank"]
[Black "Aarav Dengla"]
[Result "1-0"]
[WhiteElo "2294"]
[BlackElo "2051"]
[Annotator "TA"]
[PlyCount "91"]
[EventDate "2019.08.03"]
[EventType "swiss"]
[EventCountry "GER"]
[SourceTitle "playchess.com"]
[Source "ChessBase"]
[SourceQuality "1"]

{[%evp 11,91,8,8,1,27,2,31,-7,-16,-16,5,9,9,0,2,0,0,-14,-4,-6,14,8,27,13,18,0,5,0,7,6,59,15,15,12,16,13,12,13,10,0,15,15,22,19,19,21,374,373,432,439,439,418,389,334,530,443,489,437,444,413,482,464,521,511,555,508,752,751,699,676,787,764,820,620,758,741,808,772,841,828,781,535]} 1. e4 e5 2. Bc4 Nf6 3. d3 Bc5 4. Nf3 d6 5. c3 O-O 6. O-O Bb6 7. Bb3 {C24: Bishop's Opening: 2...Nf6} Be6 8. Bc2 c5 $146 ({Predecessor:} 8... Nbd7 9. h3 h6 10. Re1 Re8 11. d4 c6 12. Be3 d5 13. dxe5 dxe4 14. exf6 exf3 15. fxg7 {½-½ (40) Khanin,S (2514)-Ponkratov,P (2630) Moscow 2019}) 9. d4 {White is slightly better.} cxd4 10. cxd4 Bxd4 11. Nxd4 exd4 12. Qxd4 Nc6 13. Qd1 d5 14. exd5 Qxd5 15. Nc3 Qxd1 16. Rxd1 Rad8 17. Be3 a6 18. f3 Nb4 19. Bb1 (19. Be4 {with more complications.} Nxe4 20. Nxe4 Rfe8 21. Nc5 Nc2 22. Rxd8 Rxd8 23. Nxe6 fxe6 24. Bg5) 19... Nfd5 (19... Rxd1+ {is more complex.} 20. Nxd1 Nfd5 21. Bd2 Rd8 22. Kf2 Nc6) 20. Nxd5 Rxd5 (20... Nxd5 $11 21. Bg5 f6) 21. Rxd5 Nxd5 22. Bd2 Rc8 23. Be4 f5 24. Bd3 Nb6 25. Ba5 Nc4 26. Bc3 Rd8 27. Rd1 Ne3 28. Rd2 {Hoping for Bxf5!} Bxa2 $2 {[%mdl 8192] [#]} (28... Nd5 $11 {and Black stays safe.}) 29. Bc4+ $1 $18 {[%mdl 576] Discovered Attack} Bxc4 30. Rxd8+ {[%mdl 4096] Endgame KRB-KBN} Kf7 31. Rd7+ {[%mdl 64] Double Attack} Ke6 32. Rxb7 Nd1 (32... g6 $142 33. Rxh7 Bb5) 33. Bxg7 Ne3 34. Kf2 f4 35. g3 fxg3+ 36. hxg3 {White is clearly winning.} ({Less strong is} 36. Kxe3 gxh2 37. Rb6+ Kf7 $18) 36... Nf5 37. Bc3 h6 38. Rb6+ Kd5 39. g4 Nd6 40. Bb4 Nf7 41. Ke3 Ke5 42. Bc3+ Kd5 43. Rf6 Kc5 44. f4 Kb5 45. Kd4 Bb3 {[#]} 46. g5 $1 {Accuracy: White = 52%, Black = 20%.} 1-0

[Event "NSV Open-ch Rapid 2019"]
[Site "Lueneburg"]
[Date "2019.08.03"]
[Round "5.5"]
[White "Toepper, Olaf"]
[Black "Bach, Matthias"]
[Result "1-0"]
[WhiteElo "1896"]
[BlackElo "2241"]
[Annotator "TA"]
[PlyCount "87"]
[EventDate "2019.08.03"]
[EventType "swiss"]
[EventCountry "GER"]
[SourceTitle "playchess.com"]
[Source "ChessBase"]
[SourceQuality "1"]

{[%evp 11,87,-8,0,-66,9,6,-2,0,44,58,135,130,137,152,137,152,225,189,178,98,79,33,49,0,-7,-192,-198,-183,-188,-188,-24,-47,0,0,0,0,0,-44,27,0,0,0,0,0,0,0,0,0,29,28,6,11,17,0,0,5,10,0,495,494,469,474,538,531,29974,29974,29996,29997,29997,2420,2370,2370,2370,947,836,785,29994,29987]} 1. d4 Nf6 2. Bf4 d6 3. Nf3 Nbd7 4. Nbd2 g6 5. e4 Bg7 6. Bd3 O-O 7. h4 $146 {A48: 1 d4 Nf6 2 Nf3 g6: Torre, London and Colle Systems} (7. O-O $11) ({Predecessor:} 7. O-O Re8 8. h3 e5 9. dxe5 dxe5 10. Be3 Nh5 11. Bc4 Nf8 12. Ng5 Re7 13. Nb3 Qe8 14. a4 h6 {1-0 (41) Roubalik,J (2400)-Caletka,R (2382) Czech Republic 2016}) 7... e5 ({Better is} 7... c5 $15 8. c3 cxd4 9. cxd4 e5) 8. dxe5 $11 dxe5 9. Nxe5 {The position is equal.} Nh5 10. Bg5 f6 (10... Qe8 $14 11. Nxd7 Bxd7) 11. Nxd7 $1 $16 Qxd7 12. Be3 $1 f5 13. exf5 Bxb2 (13... Qe7 $16 {was necessary.}) 14. Rb1 ({Don't do} 14. fxg6 $6 Nf4 $16) 14... Bd4 {White should prevent ...Bxe3.} 15. Bxd4 (15. Qg4 $18 Bxe3 16. fxe3) 15... Qxd4 16. Nf3 Qc3+ 17. Nd2 (17. Qd2 $14 Qxd2+ 18. Kxd2) 17... Bxf5 $11 18. Bxf5 $2 (18. O-O $11) 18... Rae8+ $19 ({Less strong is} 18... Rxf5 19. O-O $11) 19. Kf1 Rxf5 20. Rh3 Qc5 $2 ({Black should play} 20... Qf6 $19 21. Kg1 Rxf2) 21. Rf3 $11 Rxf3 22. Nxf3 b6 23. Qd3 Nf4 24. Qd7 {[#]} Qe7 (24... Re2 $1 $15 {[%mdl 512]} 25. Nd4 Re4) 25. Qd2 Qf6 26. Re1 Rxe1+ 27. Qxe1 Qc6 28. Qd2 Qc4+ 29. Kg1 Nd5 30. Qg5 $36 {[%mdl 2048] Hoping for Ne5. White has good play.} Qc5 31. Qd8+ Kg7 32. Ng5 {Black must now prevent Ne6+.} Qd6 $1 {[%cal Rd6d8]} 33. Qe8 {Intending Qf7+ and mate.} Qe7 34. Qc6 Nf4 $2 {[%mdl 8192] [#]} (34... Qd6 $11 {and Black has nothing to worry.} 35. Qe8 Qe7 36. Qxe7+ Nxe7) 35. Qc3+ $1 $18 Kh6 {[#] Strongly threatening ...Ne2+.} 36. Qd2 $1 Qf6 37. g3 Qa1+ 38. Kh2 Kg7 39. Qd7+ {[%mdl 64] Double Attack} Kf6 40. Qf7+ (40. gxf4 $142 Qh1+ 41. Kxh1 h6 42. Nh7#) 40... Ke5 41. Qxf4+ Kd5 42. Qe4+ Kc5 43. Ne6+ Kb5 44. Nxc7+ {Accuracy: White = 54%, Black = 28%.} 1-0

[Event "NSV Open-ch Rapid 2019"]
[Site "Lueneburg"]
[Date "2019.08.03"]
[Round "5.6"]
[White "Lai Hop, Long"]
[Black "Kahlert, Thomas"]
[Result "0-1"]
[WhiteElo "1817"]
[BlackElo "2152"]
[Annotator "TA"]
[PlyCount "64"]
[EventDate "2019.08.03"]
[EventType "swiss"]
[EventCountry "GER"]
[SourceTitle "playchess.com"]
[Source "ChessBase"]
[SourceQuality "1"]

{[%evp 15,63,-20,-10,-70,-3,-9,-2,-2,-2,-12,0,-9,7,8,15,-17,-17,-20,-10,-40,-25,-37,0,0,0,0,-29,0,0,0,0,-171,-125,-139,-139,-237,-237,-238,-139,-389,-139,-461,-400,-1209,-1160,-29989,-29985,-29998,-29999,-29999]} 1. c4 e5 ({Predecessor:} 1... f5 2. g3 Nf6 3. Bg2 g6 4. d3 Bg7 5. e4 fxe4 6. dxe4 e5 7. Nf3 d6 8. O-O Nc6 9. Re1 O-O {½-½ (23) Manger,E (1571)-Koerber,T (1939) Gotha 2012}) 2. Nc3 Nc6 3. g3 g6 4. Bg2 Bg7 5. Nf3 d6 6. O-O f5 7. e4 Nf6 8. d3 O-O 9. Re1 $146 {A21: English Opening: 1...e5 2 Nc3} (9. h3 $11) (9. exf5 Bxf5 10. Ng5 Qd7 11. Be3 Ng4 12. Bc1 Nf6 13. Be3 Ng4 14. Nd5 Nxe3 15. fxe3 Bh6 16. Ne4 Kg7 {1-0 (79) Kryvoruchko,Y (2666)-Ernst,S (2578) Plovdiv 2012}) 9... fxe4 (9... f4 $1 $15) 10. dxe4 $11 Bg4 11. h3 {The position is equal.} Bxf3 12. Bxf3 Nd4 13. Bg2 Qd7 14. Be3 c5 15. Nd5 Nxd5 16. exd5 Rf7 17. a3 Raf8 18. b4 b6 19. Ra2 Nf3+ 20. Bxf3 $1 Rxf3 21. Kg2 $1 Qf5 22. Qc2 e4 23. Qd2 $2 (23. Bf4 $1 $11 Rd3 24. Bxd6) 23... Be5 $36 {[%mdl 2048] [#] Threatens to win with ...Rxg3+! Black is in control.} 24. Qe2 Kg7 25. b5 (25. Rb1 $17 {was necessary.}) 25... h5 $19 26. a4 Bc3 ({Black should try} 26... g5 $19 27. a5 bxa5) 27. Rd1 $2 {[#]} (27. Rb1 $17) 27... Rf7 $2 (27... h4 $1 $19 {[%mdl 512] has better winning chances. Strongly threatening ...hxg3.} 28. g4 (28. gxh4 Qxh3+) 28... Qe5) 28. Bf4 $2 {[%mdl 8192]} (28. Rb1 $17 {is a better chance.}) 28... Bd4 29. h4 (29. Re1 $142 Qd7 30. Qxe4 R7xf4 31. Qe7+ Qxe7 32. Rxe7+ Rf7 33. Rxf7+ Rxf7 34. h4) 29... Qg4 30. Kh1 R7xf4 {Black mates.} 31. a5 Qh3+ 32. Kg1 Rxg3# {Accuracy: White = 30%, Black = 40%.} 0-1

[Event "NSV Open-ch Rapid 2019"]
[Site "Lueneburg"]
[Date "2019.08.03"]
[Round "5.7"]
[White "von Estorff, Jacob"]
[Black "Stork, Oliver"]
[Result "0-1"]
[WhiteElo "2055"]
[BlackElo "2322"]
[Annotator "TA"]
[PlyCount "34"]
[EventDate "2019.08.03"]
[EventType "swiss"]
[EventCountry "GER"]
[SourceTitle "playchess.com"]
[Source "ChessBase"]
[SourceQuality "1"]

{[%evp 12,80,8,2,17,-17,-2,-52,-45,-56,0,0,0,0,2,-175,-168,-203,-201,-213,-198,-314,-318,-289,-241,-266,-238,-217,-202,-218,-201,-178,-181,-231,-238,-222,-222,-241,-229,-232,-214,-229,-243,-273,-306,-418,-382,-387,-378,-386,-381,-368,-348,-383,-344,-522,-406,-567,-405,-397,-396,-567,-567,-558,-537,-534,-534,-1010,-978,-1186,-1150]} 1. e4 c6 2. d4 d5 3. e5 c5 4. c3 Nc6 5. Nf3 Bg4 6. Be2 e6 7. O-O Nge7 {B12: Caro-Kann: Advance Variation} (7... Nh6 8. Bxh6 gxh6 9. Nbd2 Qb6 10. Qb3 Be7 11. Rfe1 cxd4 12. Nxd4 Qxb3 13. N2xb3 Nxe5 14. f3 Bh5 15. g4 Rg8 16. Kf1 Bg6 17. f4 Nd3 {½-½ (17) Wang,P (2464)-Iotov,V (2574) Richardson 2011}) 8. dxc5 Ng6 (8... Bxf3 $5 9. Bxf3 Nxe5 $11) 9. b4 Bxf3 $1 {Black is slightly better.} 10. Bxf3 Ngxe5 ({Black should play} 10... a5 $15 11. Bd2 axb4 12. cxb4 Ngxe5) 11. Bf4 $146 ({Predecessor:} 11. Be2 a6 12. Bf4 Ng6 13. Bg3 Be7 14. a4 O-O 15. Qb3 {1-0 (55) Schild,H (2125)-Lomakina,G Zalakaros 1995}) 11... Be7 12. Nd2 O-O 13. Re1 $2 (13. Bh5 $11 {and White stays safe.}) 13... Nd3 $1 $19 {[%csl LRe1,LRf4][%mdl 64] Double Attack} 14. Bg3 {Strongly threatening Re3.} Nxe1 15. Qxe1 {[#]} a5 $1 {[%cal Ra5b4]} 16. a3 (16. b5 $142 Na7 17. c4) 16... axb4 17. axb4 Rxa1 {Played: Be7-f6} 0-1

[Event "NSV Open-ch Rapid 2019"]
[Site "Lueneburg"]
[Date "2019.08.03"]
[Round "5.8"]
[White "Colbow, Collin"]
[Black "Jahncke, Giso"]
[Result "0-1"]
[WhiteElo "2167"]
[BlackElo "2325"]
[Annotator "TA"]
[PlyCount "58"]
[EventDate "2019.08.03"]
[EventType "swiss"]
[EventCountry "GER"]
[SourceTitle "playchess.com"]
[Source "ChessBase"]
[SourceQuality "1"]

{[%evp 9,58,-3,34,31,67,12,11,17,4,4,3,12,6,0,35,29,32,0,0,-3,0,0,0,0,0,-13,0,0,0,-65,-53,-343,-342,-412,-419,-418,-412,-398,-370,-425,-434,-455,-397,-478,-479,-473,-469,-514,-423,-508,-503]} 1. e4 c6 2. d4 d5 3. e5 c5 4. dxc5 e6 5. Be3 Qc7 6. Nf3 {B12: Caro-Kann: Advance Variation} (6. Nc3 Bd7 7. Nb5 Bxb5 8. Bxb5+ Nc6 9. b4 a5 10. a3 Qxe5 11. Nf3 Qc7 12. Ba4 axb4 13. axb4 Qc8 {1-0 (24) Ponkratov,P (2630)-Piorun,K (2634) St Petersburg 2018}) 6... Nd7 7. Bb5 (7. b4 $14) 7... Bxc5 $11 8. Bxc5 {The position is equal.} Qxc5 9. Qe2 Ne7 10. O-O O-O 11. Bd3 h6 $146 ({Predecessor:} 11... Ng6 12. Bxg6 fxg6 13. c3 Qb6 {0-1 (51) Libiszewski,F (2458)-Popov,R (2388) playchess.com INT 2003}) 12. Nbd2 Qc7 13. c4 Nc5 14. cxd5 Nxd5 {aiming for ...Nf4.} 15. Be4 Nxe4 16. Nxe4 Bd7 17. Rac1 Bc6 18. Nd6 Qb6 19. Qc4 (19. Nc4 $11 Bb5 20. Nxb6 Bxe2 21. Nxa8 Bxf1 22. Kxf1) 19... Qxb2 $15 20. Nxb7 $2 {[%mdl 8192]} (20. Rb1 $15 Qc3 21. Qd4) 20... Bb5 $19 {[%mdl 64] [#] Skewer} ({Weaker is} 20... Qxb7 21. Qxc6 Qxc6 22. Rxc6 $15) ({Less strong is} 20... Bxb7 21. Rb1 $17) 21. Qd4 Qxd4 22. Nxd4 Bxf1 23. Kxf1 Rab8 24. Nd6 Rb2 25. a4 Rb4 26. Rc4 Rxc4 {Black is clearly winning.} 27. Nxc4 Rc8 28. Nd6 Rc1+ 29. Ke2 Ra1 {Accuracy: White = 28%, Black = 77%.} 0-1

[Event "NSV Open-ch Rapid 2019"]
[Site "Lueneburg"]
[Date "2019.08.03"]
[Round "5.9"]
[White "Voege, Tobias"]
[Black "Langer, Michael S."]
[Result "1-0"]
[WhiteElo "2303"]
[BlackElo "1911"]
[Annotator "TA"]
[PlyCount "59"]
[EventDate "2019.08.03"]
[EventType "swiss"]
[EventCountry "GER"]
[SourceTitle "playchess.com"]
[Source "ChessBase"]
[SourceQuality "1"]

{[%evp 15,59,33,39,16,12,-70,-69,-78,47,23,17,20,16,0,7,2,29,69,170,154,348,193,172,0,3,-8,-15,-9,48,46,68,61,60,57,68,65,60,57,154,150,167,128,435,435,416,415]} 1. d4 d5 2. c4 c6 3. cxd5 cxd5 4. Nc3 Nc6 5. e4 e6 6. e5 Qb6 7. Nf3 Nge7 8. a3 Nf5 {[%cal Rf5d4]} 9. Be3 {C02: French: Advance Variation} Be7 ({Avoid the trap} 9... Qxb2 $2 10. Na4 $18) 10. Bd3 (10. b4 $11) 10... Nxe3 $15 11. fxe3 {Black is slightly better.} O-O $146 (11... Qxb2 $17 12. Ne2 Bd7) ({Predecessor:} 11... Bd7 12. O-O h6 13. b4 Rc8 14. Na4 Qd8 15. Nc5 Rc7 16. Rc1 O-O {1-0 (39) Pitl,G (2392)-Dengler,P (2234) Bayern 2013}) 12. Qc2 h6 13. O-O Bd7 14. Qf2 Na5 15. b4 Nc4 16. e4 dxe4 ({Black should play} 16... Bc6 $14) 17. Nxe4 $18 Qc7 $2 {[#]} (17... Bc6 $16) 18. Rac1 (18. Nf6+ $142 $1 {[%mdl 512]} Bxf6 19. exf6) 18... b5 {[#]} 19. Ned2 $2 (19. Nf6+ $1 $18 {[%mdl 512]} Kh8 (19... Bxf6 20. exf6) 20. Qe2) 19... Qb6 $11 20. Nxc4 (20. Bxc4 {is more complex.} bxc4 21. Nxc4 Qa6 22. Na5 Bd8 23. Nd2) 20... bxc4 21. Bxc4 Rac8 ({Better is} 21... a5 $11) 22. d5 $36 {[%mdl 2048] Black is under pressure.} Qxf2+ 23. Kxf2 exd5 24. Bxd5 Bb5 25. Rfd1 Ba4 26. Re1 g5 (26... Rfd8 $14) 27. e6 $16 f6 28. Nd4 {Hoping for Nf5.} Rcd8 $2 {[%mdl 8192]} (28... Rfd8 $16) 29. Nf5 $1 $18 {[%csl LRe7,LRh6][%mdl 64] Double Attack} Rfe8 30. Rc7 {[%mdl 64] Double Attack. Accuracy: White = 30%, Black = 34%.} 1-0